Biblioteka Instytutu Północnego w Olsztynie

Geneza prywatnej rosyjskiej własności ziemskiej w b. gubernjach wileńskiej, grodzeńskiej i mińskiej (1793-1875) : (Rekord nr 27729)

Szczegóły MARC
000 -Nagłówek
fixed length control field 01708cam a2200445 i 4500
001 - Nr kontrolny bibl., która utworzyła rek.
control field xx003444891
003 - Siglum bibl., której nr kontr. jest w 001
control field NUKAT
005 - Data i czas ostatniej operacji
control field 20260422192024.0
008 - Elementy pola stałej długości
fixed length control field 150528s1923 pl 2 |001 0 pol c
035 ## - Systemowy numer kontrolny
systemowy numer kontrolny (OCoLC)899803477
035 ## - Systemowy numer kontrolny
systemowy numer kontrolny (NUKAT)xx003444891
040 ## - Instytucja sporządzająca opis
Instytucja, która sporządziła opis WA U/76AU
Instytucja, która sporządziła rekord WA U/AUs
Instytucja, która zmodyfikowała rekord WA U/76DP
-- TOR U/WS
100 1# - Hasło główne-nazwa osobowa
Nazwa osobowa Schmidt, Wacław.
9 (RLIN) 2898
245 10 - Tytuł właściwy i oznaczenie odpow.
tytuł Geneza prywatnej rosyjskiej własności ziemskiej w b. gubernjach wileńskiej, grodzeńskiej i mińskiej (1793-1875) :
dodatek do tytułu z dodatkiem skorowidza majątków /
dod. inf. ze s. tyt./ozn. odpow. Wacław Schmidt.
260 ## - Adres wydawniczy
miejsce wydania, dystrybucji itp. Warszawa :
nazwa wydawcy, dystrybutora itp. Główny Urząd Statystyczny,
data wydania, dystrybucji itp. 1923.
300 ## - Opis fizyczny
objętość i/lub forma materiału [6], 104 s. ;
format 24 cm.
336 ## - Content Type
Term Tekst
Code txt
Source rdacontent
337 ## - Media Type
Term Bez urządzenia pośredniczącego
Code n
Source rdamedia
338 ## - Carrier Type
Term Wolumin
Code nc
Source rdacarrier
380 ## - Form of work
Form of work Artykuły
500 ## - Uwaga ogólna
uwaga ogólna Odb.: Miesięcznik Statystyczny. R. 1922, t. 5, z. 11 i 12.
504 ## - Uwaga o bibliografii
uwaga o bibliografii Indeks.
530 ## - Uwaga o dod. formie fiz. materiału
uwaga o dodatkowej fizycznej formie dokumentu Dostępne również w postaci elektronicznej.
648 #7 - SUBJECT ADDED ENTRY--CHRONOLOGICAL TERM
Chronological term 1701-1800
Source of heading or term DBN
9 (RLIN) 36035
648 #7 - SUBJECT ADDED ENTRY--CHRONOLOGICAL TERM
Chronological term 1801-1900
Source of heading or term DBN
9 (RLIN) 36037
650 #7 - Hasło przedmiotowe-nazwa pospolita
nazwa pospolita lub geogr. Własność rolna
źródło hasła DBN
9 (RLIN) 36165
650 #4 - Hasło przedmiotowe-nazwa pospolita
nazwa pospolita lub geogr. Własność rolna
określnik geograficzny Polska
określnik chronologiczny 18 w.
źródło hasła kaba
9 (RLIN) 12790
650 #4 - Hasło przedmiotowe-nazwa pospolita
nazwa pospolita lub geogr. Własność rolna
określnik geograficzny Polska
określnik chronologiczny 19 w.
źródło hasła kaba
9 (RLIN) 12791
650 #7 - Hasło przedmiotowe-nazwa pospolita
nazwa pospolita lub geogr. Własność rolna
określnik geograficzny Rosja
określnik chronologiczny 18 w.
źródło hasła kaba
9 (RLIN) 40413
650 #7 - Hasło przedmiotowe-nazwa pospolita
nazwa pospolita lub geogr. Własność rolna
określnik geograficzny Rosja
określnik chronologiczny 19 w.
źródło hasła kaba
9 (RLIN) 40414
651 #7 - Hasło przedmiotowe-nazwa geogr.
nazwa geograficzna Polska
źródło hasła DBN
9 (RLIN) 35076
651 #7 - Hasło przedmiotowe-nazwa geogr.
nazwa geograficzna Rosja
źródło hasła DBN
9 (RLIN) 36145
655 #7 - Termin określający rodzaj/formę
rodzaj/forma Nadbitki i odbitki
źródło terminu DBN
9 (RLIN) 38727
658 ## - Nazwa określająca cel programu nauczania
główny cel programu nauczania Gospodarka, ekonomia, finanse
658 ## - Nazwa określająca cel programu nauczania
główny cel programu nauczania Historia
658 ## - Nazwa określająca cel programu nauczania
główny cel programu nauczania Rolnictwo i leśnictwo
710 1# - Hasło dodatkowe - nazwa ciała zbior.
nazwa ciała zbior. lub nazwa geogr. Polska.
nazwa jednostki podrzędnej Główny Urząd Statystyczny.
kod rodzaju współpracy pbl
9 (RLIN) 8255
856 41 - Elektroniczne źródła danych i spos. dost.
URL (Uniform Resource Locator) <a href="http://kpbc.umk.pl/publication/216841">http://kpbc.umk.pl/publication/216841</a>
942 ## - ADDED ENTRY ELEMENTS (KOHA)
Source of classification or shelving scheme Dewey Decimal Classification
Koha item type pozycje dostępne na miejscu
Egzemplarze
Status wycofania Status zagubienia Klasyfikacja Status uszkodzenia Blokada wypożyczeń Kolekcja Lokalizacja macierzysta Lokalizacja bieżąca Data nabycia Numer akcesji Źródło akcesji Nr inwentarzowy il. wypożyczeń Sygnatura Kod kreskowy Date last seen Price effective from Typ egz.
    Dewey Decimal Classification nieuszkodzona   Pracownia Badań Księgozbiorów Historycznych Biblioteka Instytutu Północnego w Olsztynie Pracownia Badań Księgozbiorów Historycznych 22/04/2026 K-69/1965 kupno 16397   16397 IPWK16653 22/04/2026 22/04/2026 pozycje dostępne na miejscu
Biblioteka Instytutu Północnego, ul. Partyzantów 87, 10-402 Olsztyn, email: biblioteka(at)ip.olsztyn.pl